000 00866cam a22002054a 4500
005 20250605164145.0
008 250528s ||||||||||||||||||||||||d
035 _a19132
020 _a194311996
040 _aGR-AtMCL
_bgre
_dGR-AtMCL
_eAACR2
245 1 _aOxford Greek-English Learner's Dictionary
250 _a1st
260 _bOxford University Press,
_c1988
300 _a1022
520 _aΜε το παρόν Λεξικό ολοκληρώνεται η προσπάθεια που είχε αρχίσει με το Oxford English-Greek Learner's Dictionary και στόχευε στον εφοδιασμό του Έλληνα σπουδαστή της Αγγλικής με σύγχρονα χρηστικά λεξικά των δύο γλωσσών.
700 1 _aStavropoulos D.N
_92865
942 _cBK
999 _c4410
_d4410